Gminy w powiecie kieleckim - Statystyki

Ogólne statystyki
  • Ten quiz został rozwiązany 28 razy
  • Średni wynik to 14 z 19
Statystyki odpowiedzi
Liczba mieszkańców Odpowiedź % Poprawnych
15 688 Daleszyce
86%
10 675 Masłów
86%
11 232 Miedziana Góra
86%
12 789 Zagnańsk
86%
11 568 Bodzentyn
82%
7 030 Łagów
82%
14 887 Chęciny
77%
9 058 Łopuszno
77%
15 987 Morawica
77%
5 670 Raków
77%
10 301 Bieliny
73%
9 760 Nowa Słupia
73%
7 605 Nowiny
73%
16 390 Piekoszów
73%
14 331 Górno
68%
9 472 Mniów
68%
11 282 Chmielnik
64%
10 589 Strawczyn
55%
4 652 Pierzchnica
50%
Nie znaleziono quizów pasujących do podanych kryteriów
Rozkład punktacji
Procent ludzi z każdym wynikiem
Percentyl według liczby udzielonych odpowiedzi
Twoja historia wyników
Nie rozwiązałeś tego quizu